| 000 -LEADER |
| fixed length control field |
00655nam a22002297a 4500 |
| 005 - DATE AND TIME OF LATEST TRANSACTION |
| control field |
20151215095414.0 |
| 008 - FIXED-LENGTH DATA ELEMENTS--GENERAL INFORMATION |
| fixed length control field |
091209s2011 nyu 001 0 eng |
| 020 ## - INTERNATIONAL STANDARD BOOK NUMBER |
| International Standard Book Number |
9780077331399 |
| 020 ## - INTERNATIONAL STANDARD BOOK NUMBER |
| International Standard Book Number |
0077331397 |
| 041 0# - LANGUAGE CODE |
| Language code of text/sound track or separate title |
eng |
| 080 ## - UNIVERSAL DECIMAL CLASSIFICATION NUMBER |
| Universal Decimal Classification number |
004 |
| 100 1# - Rafti |
| Rafti |
O'Leary, Timothy J., |
| 100 1# - Rafti |
| -- |
1947- |
| 245 10 - TITLE STATEMENT |
| Title |
Computing essentials 2011 : |
| Statement of responsibility, etc |
Timothy J. O'Leary, Linda I. O'Leary. |
| 250 ## - |
| -- |
Introductory ed. |
| 260 ## - |
| -- |
New York : |
| -- |
McGraw-Hill, |
| -- |
2011. |
| 300 ## - |
| -- |
389 f.: |
| -- |
me il.; |
| -- |
27 cm. |
| 505 ## - |
| -- |
Index: f. 381 - 389 |
| 650 #0 - |
| -- |
Kompjuterat |
| 650 #0 - |
| -- |
Elektronika |
| 700 1# - |
| -- |
O'Leary, Linda I. |
| 942 ## - ADDED ENTRY ELEMENTS (KOHA) |
| Source of classification or shelving scheme |
|
| Item type |
Books |